000 01455nam a2200373 c 4500
003 BLK
005 20250118110643.0
008 180411b bul|||||r ||||||| ||bul||
010 _aKNG00186660000
020 _a978-954-641-067-2
_bиздат.: Пергамент прес
040 _aBLK
041 _aBUL
_cBUL
072 7 _2bullib
_aН8302
_xФантастика Н
080 _aАмериканска литература (на САЩ)
_b821.111(73)
_x-312.9
_z821.111(73)-312.9
100 1 _aХокинг, Аманда
_eпърви автор
_9339113
700 1 _aЙотов, Станимир Ботев
_9373004
139 _aХокинг, Аманда
_bХ 59
245 1 0 _aВъздигната
_bРоман
_cАманда Хокинг; прев. от англ. Станимир Ботев Йотов.
257 _aUSA
260 София
_bПергамент прес
_c2013
_fСофия : Симолини
300 _a256 с.
_c20 см
380 _aX
490 1 _aПоредица Трил
_vКн. 3
500 _aОриг. загл. Torn / Amanda Hocking. Кн. 3 от трилогията Трил.
653 _aфентъзи
653 _aромани
659 _aН
852 _aЦб 276135
856 4 _qpdf
_u
856 4 _qpdf
_u
942 _cKNG
_n0
_08
944 _aCR
_c19.02.2016
_lЦветомила Тодорова
_k30576
944 _aED
_c03.01.2017
_lф /
_kЛюдмила_Стоянова
999 _c177963
_d177963